00429nam a2200169Ia 4500003000400000005001700004008004100021020001800062050002300080100002100103245004600124260003500170300003300205440000600238521000700244526000800251OSt20140313143711.0140130s9999 xx 000 0 und d a9780590487627 aPZ 7b.L632Wi 1993 aLillie, Patricia aWhen this box is full /cPatricia Lillie. bScholastic,c1993.aNew York : a28 p. :bcol. ill. ;c26 cm. v1 aG1 c210